| 000 | 00935cam a2200313 i 4500 | ||
|---|---|---|---|
| 001 | 000019575 | ||
| 003 | DO-SdBNP | ||
| 005 | 20230526111151.0 | ||
| 007 | ta | ||
| 008 | 831122s1960 sp 001 j spa d | ||
| 040 |
_aDO-SdBNP _bspa _cBNPHU _erda |
||
| 049 | _aBNGR | ||
| 082 | 4 |
_a863.6 _bV181L, 1960 _222 |
|
| 100 | 1 |
_aValle-Inclán, Ramón del, _d1866-1936. _93325 _eautor |
|
| 245 | 1 | 3 |
_aLa lámpara maravillosa : _bejercicios espirituales / _cRamón del Valle-Inclán. |
| 250 | _a2a ed. | ||
| 264 |
_aMadrid : _bEspasa-Calpe, _c1960. |
||
| 300 |
_a148, [15] páginas ; _c18 cm. |
||
| 336 |
_2rdacontent _atexto _btxt |
||
| 337 |
_2rdamedia _asin mediación _bn |
||
| 338 |
_2rdacarrier _avolumen _bnc |
||
| 490 | _aAustral | ||
| 590 | _aInventariado, 2023/BT | ||
| 650 | 4 |
_aCuentos españoles _93194 |
|
| 650 | 4 |
_aPoesía española _9631 |
|
| 650 | 4 |
_aLiteratura española _9632 |
|
| 910 | _aBtavárez | ||
| 942 |
_2ddc _cLBS1 |
||
| 999 |
_c19091 _d19091 |
||